000
00266nam a2200109Ia 4500
008
221009s9999 xx 000 0 und d
082
_a
823/YAD
100
_a
Dr. Gyanendra Yadav
_9
22470
245
0
_a
Jataka & Pali Cannon
260
_b
Nav Sahitya Sagar
942
_c
BK
999
_c
64896
_d
64896